000 00775nam a2200265Ia 4500
001 Para_4764
003 CHAP
008 220125s1924 xx 000 0 und d
010 _a204694
040 _cCHAP
090 _aPA FOLLETO 2166
100 _aHartzell, F. Z.
_952973
245 _aDusting and spraying to control grape root-worm /
_c F. Z. Hartzzell
260 _aGeneva, N. Y. :
_b Agricultural Experiment Station
300 _a29 p.
440 _aNew York Agr. Exp. Sta. Bull.; 519
_9170667
650 _aFidia viticida Control de plagas Aspersión
_9170668
901 _aPA FOLLETO 2166
902 _aA
905 _a0000001924 GEN 0000000000 00
910 _a1924
942 _cPARA
942 _cPARA
_d1
999 _c204694
_d204694